World directory of mathematicians 1958 /
Guardado en:
| Autor Corporativo: | |
|---|---|
| Formato: | Libro |
| Idioma: | English |
| Publicado: |
[S.l.] :
International Mathematical Union,
c1958.
|
| Edición: | 2a ed. |
| Etiquetas: |
Agregar Etiqueta
Sin Etiquetas, Sea el primero en etiquetar este registro!
|
| LEADER | 00596nam a22001455a 4500 | ||
|---|---|---|---|
| 001 | MAT.inmabb007084 | ||
| 008 | 180228s1958####xx#######r####001#0#eng#d | ||
| 005 | 20180228160322.0 | ||
| 245 | 0 | 0 | |a World directory of mathematicians 1958 / |c published under the auspices of the International Mathematical Union and with the co-operation of the Tata Institute of Fundamental Research. |
| 250 | |a 2a ed. | ||
| 260 | |a [S.l.] : |b International Mathematical Union, |c c1958. | ||
| 300 | |a 151 p. ; |c 25 cm. | ||
| 710 | 2 | |a International Mathematical Union. | |
| 084 | |a 00A20 |2 msc2000 | ||
| 859 | |h 00A20 |i W927-2 |p A-251 |b BIB. MATEMATICA | ||
